Mercantilism, account keeping and the periphery-core relationship (Record no. 82964)
[ view plain ]
| 000 -LEADER | |
|---|---|
| fixed length control field | 00791 a2200253 4500 |
| 003 - CONTROL NUMBER IDENTIFIER | |
| control field | CBULib |
| 005 - DATE AND TIME OF LATEST TRANSACTION | |
| control field | 20240828122356.0 |
| 008 - FIXED-LENGTH DATA ELEMENTS--GENERAL INFORMATION | |
| fixed length control field | 231019b |||||||| |||| 00| 0 eng d |
| 020 ## - INTERNATIONAL STANDARD BOOK NUMBER | |
| International Standard Book Number | 9781848936058 |
| 040 ## - CATALOGING SOURCE | |
| Language of cataloging | English |
| Transcribing agency | CBULib |
| Description conventions | rda |
| 041 ## - LANGUAGE CODE | |
| Language code of text/sound track or separate title | eng |
| 050 ## - LIBRARY OF CONGRESS CALL NUMBER | |
| Classification number | HB 91 Mer |
| 100 ## - MAIN ENTRY--PERSONAL NAME | |
| Personal name | McWatters, Cheryl S. |
| 245 ## - TITLE STATEMENT | |
| Title | Mercantilism, account keeping and the periphery-core relationship |
| Statement of responsibility, etc | / edited by Cheryl Susan McWatters |
| 260 ## - PUBLICATION, DISTRIBUTION, ETC. (IMPRINT) | |
| Name of publisher, distributor, etc | Routledge, |
| Date of publication, distribution, etc | 2019 |
| Place of publication, distribution, etc | New York : |
| 300 ## - PHYSICAL DESCRIPTION | |
| Extent | xi, 201 pages : illustrations |
| 336 ## - CONTENT TYPE | |
| Source | rdacontent |
| Content type term | Text | |
| 337 ## - MEDIA TYPE | |
| Source | rdamedia |
| Media type term | Unmediated | |
| 338 ## - CARRIER TYPE | |
| Source | rdacarrier |
| Carrier type term | Volume |
| 490 ## - SERIES STATEMENT | |
| Series statement | Perspectives in economic and social history, 53 |
| 650 #0 - SUBJECT ADDED ENTRY--TOPICAL TERM | |
| 9 (RLIN) | 896 |
| Topical term or geographic name as entry element | MERCANTILE SYSTEM |
| 650 #0 - SUBJECT ADDED ENTRY--TOPICAL TERM | |
| 9 (RLIN) | 116 |
| Topical term or geographic name as entry element | ECONOMIC HISTORY |
| 942 ## - ADDED ENTRY ELEMENTS (KOHA) | |
| Source of classification or shelving scheme | |
| Koha item type | MONOGRAPH |
| Withdrawn status | Lost status | Source of classification or shelving scheme | Damaged status | Not for loan | Collection code | Permanent Location | Current Location | Shelving location | Date acquired | Source of acquisition | Cost, normal purchase price | Total Checkouts | Full call number | Barcode | Date last seen | Copy number | Price effective from | Koha item type |
|---|---|---|---|---|---|---|---|---|---|---|---|---|---|---|---|---|---|---|
| Main Library Open Access Collection | CBU-MAIN LIBRARY, KITWE. | CBU-MAIN LIBRARY, KITWE. | General Stacks | 10/19/2023 | DON-BOOKAID | 128.00 | HB 91 Mer | 752246 | 10/19/2023 | 1 | 10/19/2023 | MONOGRAPH | ||||||
| Main Library Open Access Collection | CBU-MAIN LIBRARY, KITWE. | CBU-MAIN LIBRARY, KITWE. | General Stacks | 10/19/2023 | DON-BOOKAID | 128.00 | HB 91 Mer | 752247 | 10/19/2023 | 2 | 10/19/2023 | MONOGRAPH | ||||||
| CBU-Lusaka Campus | CBU-MAIN LIBRARY, KITWE. | CBU-MAIN LIBRARY, KITWE. | General Stacks | 08/28/2024 | DON-BOOKAID | 128.00 | HB 91 Mer | 752245 | 08/28/2024 | 3 | 08/28/2024 | MONOGRAPH | ||||||
| CBU-Lusaka Campus | CBU- LUSAKA CAMPUS | CBU-MAIN LIBRARY, KITWE. | General Stacks | 08/28/2024 | DON-BOOKAID | 128.00 | HB 91 Mer | 752248 | 08/28/2024 | 4 | 08/28/2024 | MONOGRAPH |